000 00598nam a2200241 a 4500
001 0001-1363
003 ELIB.Books
008 151028 2010 eng
020 _a0687146933
035 _a(ELIB.Books)0001-1518
092 _a264.001
_bSal
100 _aSaliers, Don E.
245 _aWorship as Theology
260 _aNashville:
_bAbingdon Press
_c1994
300 _a255
_c23 Cm
500 _aC/o Par Si Thu
650 _aPublic Worship
856 _nKBTS: Library
_uKBTS: Elib
942 _2ddc
_cBK
990 _a1
998 _cbat
_e2015-10-28
999 _c11363
_d11363